000
00307nam a22001217a 4500
008
160512b xxu||||| |||| 00| 0 eng d
020
_a
9780683302011
020
_a
0683302019
041
_a
eng
080
_a
61
245
_a
Glass office gynecology:
_c
Michele G. Curtis; Michael P. Hopkins;
942
_2
udc
_c
BK
999
_c
2072
_d
2072